In Tune with the Infinite or Fullner of Peace power & Plenty (Record no. 355275)

MARC details
000 -LEADER
fixed length control field 004100000a22001690004500
005 - DATE AND TIME OF LATEST TRANSACTION
control field 20120302061925.0
040 ## - CATALOGING SOURCE
Original cataloging agency ENG
100 ## - MAIN ENTRY--PERSONAL NAME
Personal name Trine,Ralph Waldo
245 ## - TITLE STATEMENT
Title In Tune with the Infinite or Fullner of Peace power & Plenty
260 ## - PUBLICATION, DISTRIBUTION, ETC. (IMPRINT)
Place of publication, distribution, etc London:G.Bell & Sons,1965.
300 ## - PHYSICAL DESCRIPTION
Extent 16,208p.
650 ## - SUBJECT ADDED ENTRY--TOPICAL TERM
Topical term or geographic name as entry element Philosophy
650 ## - SUBJECT ADDED ENTRY--TOPICAL TERM
Topical term or geographic name as entry element Religion
650 ## - SUBJECT ADDED ENTRY--TOPICAL TERM
Topical term or geographic name as entry element human Life
650 ## - SUBJECT ADDED ENTRY--TOPICAL TERM
Topical term or geographic name as entry element Vigour
942 ## - ADDED ENTRY ELEMENTS (KOHA)
Koha item type Book
Holdings
Withdrawn status Lost status Damaged status Not for loan Home library Current library Date acquired Total Checkouts Barcode Date last seen Price effective from
        Institute For Oriental Study, Thane Institute For Oriental Study, Thane 12/02/2009   IOS-15925 12/02/2009 12/02/2009